Documents of the ... Congress of the Communist Party of India (Record no. 426489)

000 -LEADER
fixed length control field 00433cam a22001217a 4500
008 - FIXED-LENGTH DATA ELEMENTS--GENERAL INFORMATION
fixed length control field 180718b1968 xxu||||| |||| 00| 0 eng d
082 ## - DEWEY DECIMAL CLASSIFICATION NUMBER
Classification number F51x5404 C737d/8
245 ## - TITLE STATEMENT
Title Documents of the ... Congress of the Communist Party of India
Statement of responsibility, etc. by Communist Party of India
260 ## - PUBLICATION, DISTRIBUTION, ETC.
Place of publication, distribution, etc. New Delhi
Name of publisher, distributor, etc. Communist Party Publications
Date of publication, distribution, etc. 1968
300 ## - PHYSICAL DESCRIPTION
Extent 359p
650 ## - SUBJECT ADDED ENTRY--TOPICAL TERM
Topical term or geographic name entry element Communism --India --Congresses
650 ## - SUBJECT ADDED ENTRY--TOPICAL TERM
Topical term or geographic name entry element Communist Party of India --Congresses
Holdings
Withdrawn status Lost status Damaged status Not for loan Permanent Location Current Location Date acquired Full call number Barcode Date last seen Price effective from Koha item type
        Indian Institute of Public Administration Indian Institute of Public Administration 2009-10-29 F51x5404 C737d/8 51700 2018-07-21 2018-07-21 Book

Powered by Koha